Fr. Conceicao Rodrigues College of Engineering

Signals and systems (Record no. 23018)

MARC details
000 -LEADER
fixed length control field 00313nam a2200157Ia 4500
082 ## - DEWEY DECIMAL CLASSIFICATION NUMBER
Classification number 621.2822
Item number PAL
100 ## - MAIN ENTRY--PERSONAL NAME
Personal name Palani/S
245 ## - TITLE STATEMENT
Title Signals and systems
260 ## - PUBLICATION, DISTRIBUTION, ETC.
Name of publisher, distributor, etc. Ane Books India
Date of publication, distribution, etc. 2009
366 ## - TRADE AVAILABILITY INFORMATION
Publishers's discount category 20
546 ## - LANGUAGE NOTE
Language note ENGLISH
650 ## - SUBJECT ADDED ENTRY--TOPICAL TERM
Topical term or geographic name entry element Signals
654 ## - SUBJECT ADDED ENTRY--FACETED TOPICAL TERMS
Focus term signals
942 ## - ADDED ENTRY ELEMENTS (KOHA)
Koha item type BOOK
Holdings
Withdrawn status Lost status Damaged status Not for loan Collection Home library Current library Date acquired Source of acquisition Cost, normal purchase price Inventory number Total Checkouts Full call number Barcode Date last seen Date last checked out Cost, replacement price Price effective from Koha item type
        CRC Fr. Agnel's C.Rodrigues College of Engineering Fr. Agnel's C.Rodrigues College of Engineering 17/03/2023 Ane Books India 360.00 5 dt 29/04/2009 1 621.2822 PAL 19696 24/08/2024 29/07/2024 450.00   BOOK